000 01171nam a22002657a 4500
005 20240530110521.0
008 160217s2013 ku ao g b 000 0 ara d
017 _a2012/11/4246
_bالكويت . دائرة المكتبة الوطنية
020 _a9789757171773
040 _aEG-CaGPL
082 0 4 _221
_a028.7\
_bأ م
100 0 _aاحمد يوسف حافظ
245 1 0 _aاتجاهات حديثة فى المكتبات و المعلومات :
_bمصادر المعلومات من بداياتها حتى عصر النشر الالكترونى : ( رؤية معاصرة ) /
_cتاليف احمد يوسف حافظ
250 _aط1
260 _aالكويت :
_bمكتبة الفلاح للنشر و التوزيع ،
_c2013 .
300 _a406 ص :
_bايض ؛
_c24 سم .
504 _aيشتمل على ارجاعات ببليوجرافية
650 0 4 _aاختزان و استرجاع المعلومات
650 0 4 _aالمعلومات ، علم
650 0 4 _aمصادر المعلومات
650 0 4 _aنظم المعلومات
650 0 4 _aمراكز المعلومات
942 _2ddc
_cBK
999 _c61885
_d61885